Consumer Awareness about Electromobility

Analýza čiastkových príspevkov týkajúcich sa informovanosti spotrebiteľov a znalostí o elektromobilite. Prezentované výsledky poskytujú tvorcom politík, výrobcom automobilov, maloobchodným predajcom elektrických vozidiel užitočné informácie o kľúčových prvkoch spotrebiteľského povedomia s cieľom efe...

Full description

Saved in:
Bibliographic Details
Main Author: Drábik, Peter, 1981-
Other Authors: Krnáčová, Paulína, 1983-
Format: Book Chapter
Language:English
Subjects:
Tags: Add Tag
No Tags, Be the first to tag this record!

MARC

LEADER 00000nla a2200000 4500
001 0245579
005 20240502083655.0
041 0 |a eng 
044 |a CZ 
245 1 0 |a Consumer Awareness about Electromobility 
520 |a Analýza čiastkových príspevkov týkajúcich sa informovanosti spotrebiteľov a znalostí o elektromobilite. Prezentované výsledky poskytujú tvorcom politík, výrobcom automobilov, maloobchodným predajcom elektrických vozidiel užitočné informácie o kľúčových prvkoch spotrebiteľského povedomia s cieľom efektívne podporovať elektrické vozidla a rozvíjať elektromobilitu. 
610 2 0 |a elektromobily 
610 2 0 |a zdroje energie alternatívne 
610 2 0 |a zákazníci 
610 2 0 |a spotrebitelia 
610 2 0 |a informácie 
610 2 0 |a vedomosti 
100 1 |a Drábik, Peter, 1981- 
700 1 |a Krnáčová, Paulína, 1983-